000 01181nam0a22003251 4500
001 rc\2274705
005 20250623035911.0
035 _a(NLR Aleph) 006554991
090 _a6781648
_c6781648
100 _a20110829d1979 |||y0rusy50 ca
101 0 _arus
102 _aRU
105 _aa z |||||
200 1 _aГрузовые автомобильные перевозки
_eОсновы теории трансп. процесса
_e[Учеб. пособие для автомоб.-дор. ин-тов]
210 _aКиев
_cВища школа
_d1979
215 _a392 с.
_cил.
_d21
320 _aПредм. указ.: с. 382-386
320 _aБиблиогр.: с. 387-388 (37 назв.)
606 _aАвтомобильные перевозки, грузовые
_jУчебники и пособия
_2psbo
686 _a39.38
_2rubbk
686 _a0384я73-1
_2rubbk
686 _a6Т2.14
_2rubbk
700 1 _aВоркут
_bА.И.
_gАнатолий Иванович
801 0 _aRU
_bNLR
_gpsbo
801 1 _aRU
_bELAR
_2rusmarc
852 _aNLR
_j79-3/9410
899 _aRuMoRGB
_jБ 79-26/296
899 _aRuMoRGB
_jБ 79-26/297
942 _cBOOK
980 _aNB